000 00446nam a2200181Ia 4500
003 0100
008 130303s9999 xx 000 0 und d
040 _cARRUPELIB
050 _aHC255.T3 1958
245 4 _aThe industrial revolution in Britain
245 _btriumph or disaster?
260 _aBoston MA
260 _bHeath
260 _C1958
300 _a90p
700 _aed. by Philip A.M. Taylor , Taylor, Philip A.M., ed
942 0 0 _01
999 _c48936
_d48936